000 01869cam a2200457Ma 4500
001 86562
005 20230410103810.0
008 040121s1987 ck 000 0 spa d
010 _a87046197
035 _a(OCoLC)ocn318267351
040 _aZZAND
_bspa
_cZZAND
020 _a9580608059
020 _a9789580608059
035 _a(OCoLC)318267351
041 1 _aspa
_heng
043 _ae-ur---
050 1 4 _a338 DK 289
_bG661p 1987
082 0 0 _a327/.09/048
049 _aGRAL
100 1 _aGorbachov, Mijail Sergeevich,
_d1931-
245 1 0 _aPerestroika :
_bnuevo pensamiento para mi país y el mundo /
_cMijail Gorbachov ; traducción cedida por Emecé Editores.
260 _aBogotá :
_bEditorial Oveja Negra,
_c1987.
300 _a252 p. ;
_c24 cm.
440 0 _aProtagonistas
500 _aTraducido del idioma original: Perestroika new thinking for our country and the world.
505 0 _aPerestroika: orígenes, esencia, caracter revolucionario-- La Perestroika esta lanzada. Primeras conclusiones-- El pensamiento nuevo y el mundo: Cómo vemos el mundo actual-- La reestructuración en la URSS y el mundo socialista-- El tercer mundo enla comunidad internacional-- Europa en la política exterior soviética-- Problemas del desarme y relaciones soviético-norteamericanas.
651 0 _aSoviet Union
_xForeign relations
_y1985-1991.
651 0 _aSoviet Union
_xPolitics and government
_y1985-1991
650 0 _aWorld politics
_y1985-1995
650 0 _aPerestroika
651 4 _aUnión Sovietica
_xRelaciones internacionales
_y1985-1991.
651 4 _aUnión Sovietica
_xPolítica y gobierno
_y1985-1991
650 0 _aPolítica mundial
_y1985-1995
650 1 7 _aPerestroika.
650 4 _aCFB
650 4 _aColección Font Bernard
700 1 _aEmecé Editores
_etrad.
942 _2lcc
_cbk
994 _aC0
_bDRFGD
946 _aJP
999 _c26040
_d26040